000 00415nam a2200157 i 4500
001 36294
003 ES-MaACL
005 20230906155336.0
007 t|
008 030217q1913 xxk ||||1| eng d
100 1 _aBrewster, W. T.
_931656
245 1 4 _aThe writing of english /
_cW. T. Brewster.
260 _aLondon :
_bWilliams and Norgate,
_c[1913?]
300 _a256 p. ;
_c17 cm.
852 _aES-MaACL
_jC-2729
999 _c36294
_d36294